000 00451nam a2200181 a 4500
001 1874
005 20140414131922.0
008 010725s19uu xx 00 eng d
020 _a9781782351658
050 _aM 500
_bD65 2012
100 _aDown, Hayley
245 _aExtraordinary truth about sharks.
260 _aMakes me believe,
_c2012.
300 _a1v. (unp.) : ill. ; cm.
440 _aI explore
650 _aSharks-
999 _c111793
_d111793